[Event "Ruhrgebiet Verbandsliga1 1213"]
[Site "Nordrheinwestfalen"]
[Date "2013.04.28"]
[Round "9.6"]
[White "Hoppe, Dirk"]
[Black "Schmidt, Ralph"]
[Result "1/2-1/2"]
[WhiteElo "1853"]
[BlackElo "1918"]
[PlyCount "70"]
[EventDate "2012.09.02"]
[EventType "team-tourn"]
[EventRounds "9"]
[EventCountry "GER"]
[SourceTitle "EXT 2020"]
[Source "ChessBase"]
[SourceDate "2019.10.17"]
[SourceVersion "1"]
[SourceVersionDate "2019.10.17"]
[SourceQuality "1"]
[WhiteTeam "Eichlinghofen SV"]
[BlackTeam "Bochum-Linden-Dahlhausen"]
[WhiteTeamCountry "GER"]
[BlackTeamCountry "GER"]

1. e4 e5 2. Nc3 Nc6 3. Nf3 d6 4. d4 Bd7 5. Bc4 exd4 6. Nxd4 Nf6 7. f3 a6 8. a4 Ne5 9. Be2 Be7 10. 0-0 0-0 11. f4 Nc6 12. Be3 Re8 13. Bf3 Bf8 14. h3 Nb4 15. Bf2 c5 16. Nde2 Bc6 17. Ng3 Qc7 18. Nd5 Nbxd5 19. exd5 Bd7 20. c4 b5 21. b3 bxa4 22. bxa4 Rab8 23. Qc2 g6 24. Ne4 Bg7 25. Rab1 Nxe4 26. Bxe4 Qa5 27. f5 Qxa4 28. fxg6 fxg6 29. Bxg6 hxg6 30. Qxg6 Rxb1 31. Rxb1 Qa2 32. Rb7 Qa1+ 33. Kh2 Ba4 34. Qf7+ Kh8 35. Qh5+ Kg8 1/2-1/2

[Event "Dortmund op"]
[Site "Dortmund"]
[Date "2006.03.21"]
[Round "8.17"]
[White "Hoppe, Dirk"]
[Black "Orlowski, Wilfried"]
[Result "1-0"]
[WhiteElo "1861"]
[BlackElo "1590"]
[PlyCount "85"]
[EventDate "2006.03.06"]
[EventType "swiss"]
[EventRounds "9"]
[EventCountry "GER"]
[SourceTitle "CBM 111 Extra"]
[Source "ChessBase"]
[SourceDate "2006.05.09"]
[SourceVersion "1"]
[SourceVersionDate "2006.05.09"]
[SourceQuality "1"]

1. e4 c5 2. Nc3 Nc6 3. g3 e5 4. Bg2 a6 5. a4 Nf6 6. Nge2 d6 7. d3 h6 8. 0-0 Be7 9. f4 Bg4 10. h3 Bxe2 11. Nxe2 Qc7 12. c3 0-0-0 13. Bd2 Qb6 14. Kh1 Qxb2 15. Rb1 Qa2 16. c4 Nb4 17. Bxb4 cxb4 18. Rxb4 d5 19. Nc3 Qa3 20. Rb3 Qc5 21. Nxd5 exf4 22. gxf4 Rhe8 23. Nxe7+ Rxe7 24. e5 Ne8 25. Qf3 Rdd7 26. Rfb1 Qa7 27. h4 Kb8 28. c5 Rc7 29. d4 g6 30. d5 Qxc5 31. d6 Nxd6 32. exd6 Qxd6 33. Rxb7+ Rxb7 34. Rxb7+ Kc8 35. Rxe7 Qxe7 36. Qa8+ Kd7 37. Qb7+ Ke6 38. Qxa6+ Kf5 39. Qd3+ Kxf4 40. Qf3+ Ke5 41. Qe4+ Kf6 42. Qxe7+ Kxe7 43. a5 1-0

[Event "Dortmund op"]
[Site "Dortmund"]
[Date "2006.03.20"]
[Round "7.15"]
[White "Gegner, Michael"]
[Black "Hoppe, Dirk"]
[Result "1/2-1/2"]
[WhiteElo "1412"]
[BlackElo "1861"]
[PlyCount "30"]
[EventDate "2006.03.06"]
[EventType "swiss"]
[EventRounds "9"]
[EventCountry "GER"]
[SourceTitle "CBM 111 Extra"]
[Source "ChessBase"]
[SourceDate "2006.05.09"]
[SourceVersion "1"]
[SourceVersionDate "2006.05.09"]
[SourceQuality "1"]

1. d4 d5 2. e4 e6 3. Nc3 dxe4 4. f3 e3 5. Bxe3 Nf6 6. Bd3 Bd6 7. f4 Nd5 8. Nxd5 exd5 9. Nf3 Bg4 10. h3 Bxf3 11. Qxf3 0-0 12. 0-0-0 Nc6 13. c3 Ne7 14. f5 f6 15. g4 Qd7 1/2-1/2